|
|
|
|
| LEADER |
01764nam a2200397 i 4500 |
| 001 |
EBC4566136 |
| 003 |
MiAaPQ |
| 005 |
20200520144314.0 |
| 006 |
m o d | |
| 007 |
cr cnu|||||||| |
| 008 |
160926t20152015gw ad o 000 0 ger d |
| 020 |
|
|
|z 9783959346542
|
| 020 |
|
|
|a 9783959341547
|q (electronic bk.)
|
| 035 |
|
|
|a (MiAaPQ)EBC4566136
|
| 035 |
|
|
|a (Au-PeEL)EBL4566136
|
| 035 |
|
|
|a (CaPaEBR)ebr11264801
|
| 035 |
|
|
|a (OCoLC)931873811
|
| 040 |
|
|
|a MiAaPQ
|b eng
|e rda
|e pn
|c MiAaPQ
|d MiAaPQ
|
| 050 |
|
4 |
|a HG4530
|b .F73 2015
|
| 082 |
0 |
|
|a 332.64524
|2 23
|
| 100 |
1 |
|
|a Fradrich, Corinna,
|e author.
|
| 245 |
1 |
0 |
|a Hedgefond replikation :
|b eine empirische analyse verteilungsbasierter Ansatze /
|c Corinna Fradrich.
|
| 264 |
|
1 |
|a Hamburg, [Germany] :
|b disserta Verlag,
|c 2015.
|
| 264 |
|
4 |
|c 2015
|
| 300 |
|
|
|a 1 online resource (77 pages) :
|b illustrations (some color), charts, tables.
|
| 336 |
|
|
|a text
|2 rdacontent
|
| 337 |
|
|
|a computer
|2 rdamedia
|
| 338 |
|
|
|a online resource
|2 rdacarrier
|
| 490 |
0 |
|
|a Reihe Alternative Investments ;
|v Band 12
|
| 588 |
|
|
|a Description based on online resource; title from PDF cover (ebrary, viewed September 27, 2016).
|
| 590 |
|
|
|a Electronic reproduction. Ann Arbor, MI : ProQuest, 2016. Available via World Wide Web. Access may be limited to ProQuest affiliated libraries.
|
| 650 |
|
0 |
|a Hedge funds.
|
| 655 |
|
4 |
|a Electronic books.
|
| 776 |
0 |
8 |
|i Print version:
|a Fradrich, Corinna.
|t Hedgefond replikation : eine empirische analyse verteilungsbasierter Ansatze.
|d Hamburg, [Germany] : disserta Verlag, c2015
|h 75 pages
|k Reihe Alternative Investments ; Band 12
|z 9783959346542
|
| 797 |
2 |
|
|a ProQuest (Firm)
|
| 856 |
4 |
0 |
|u https://ebookcentral.proquest.com/lib/matrademy/detail.action?docID=4566136
|z Click to View
|